Les devises des provinces et territoires du Canada - Statistiques

Statistiques générales
  • Ce quiz a été pris 7 fois
  • Le résultat moyen est 8 sur 11
Statistiques - réponses
Devise: Province/Territoire: % Correct
Je me souviens Québec
100%
Fidèle elle a commencé, fidèle elle demeure Ontario
86%
Nos peuples, notre force Saskatchewan
86%
Fort et libre Alberta
71%
Éclat sans déclin Colombie-Britannique
71%
Le petit sous la protection du grand Île-du-Prince-Édouard
71%
Glorieuse et libre Manitoba
71%
_______, notre force Nunavut
71%
L'espoir renaît Nouveau-Brunswick
57%
L’une défend et l’autre conquiert Nouvelle-Écosse
57%
Chercher d’abord le royaume de Dieu Terre-Neuve et Labrador
57%
Aucun quiz correspondant
Distribution des résultats
% des personnes avec chaque résultat
Percentile par nombre de réponses
Votre historique - résultats
Vous n’avez pas pris ce quiz